Histoire du Canada par les textes / (Record no. 27981)
[ view plain ]
| 000 -LEADER | |
|---|---|
| fixed length control field | 01012cam a22003131 4500 |
| 001 - CONTROL NUMBER | |
| control field | 27981 |
| 003 - CONTROL NUMBER IDENTIFIER | |
| rucl marc code | BD-RjUL |
| 005 - DATE AND TIME OF LATEST TRANSACTION | |
| control field | 20211209051226.0 |
| 008 - FIXED-LENGTH DATA ELEMENTS--GENERAL INFORMATION | |
| fixed length control field | 140329s1963 fi 001 0 fre d |
| 035 ## - SYSTEM CONTROL NUMBER | |
| System control number | (BD-RjUL)28062 |
| System control number | (OCoLC)870144 |
| 040 ## - CATALOGING SOURCE | |
| Original cataloging agency | DLC |
| Transcribing agency | NSyU |
| Modifying agency | DLC |
| -- | BD-RjUL |
| Language of cataloging | eng |
| 041 ## - LANGUAGE CODE | |
| Language code of text/sound track or separate title | eng |
| 082 04 - DEWEY DECIMAL CLASSIFICATION NUMBER | |
| Classification number | 971 |
| Author mark and year | BRH V-2 1963 |
| 100 1# - MAIN ENTRY--PERSONAL NAME | |
| Personal name | Brunet, Michel |
| 9 (RLIN) | 85841 |
| 245 10 - TITLE STATEMENT | |
| Title | Histoire du Canada par les textes / |
| Statement of responsibility, etc. | Ed Frégault Guy. |
| Number of part/section of a work | Tome II : |
| Name of part/section of a work | 1855-1960 |
| 250 ## - EDITION STATEMENT | |
| Edition statement | Éd. rev. et augm. |
| 260 ## - PUBLICATION, DISTRIBUTION, ETC. (IMPRINT) | |
| Place of publication, distribution, etc. | Montréal : |
| Name of publisher, distributor, etc. | Fides, |
| Date of publication, distribution, etc. | 1963. |
| 300 ## - PHYSICAL DESCRIPTION | |
| Pagination | 281 p. ;. |
| Size | 24 cm. |
| 500 ## - GENERAL NOTE | |
| General note | First ed. by Michel Brunet, Guy Frégault, and Marcel Trudel. |
| 504 ## - BIBLIOGRAPHY, ETC. NOTE | |
| Bibliography, etc | Includes Index |
| 505 0# - FORMATTED CONTENTS NOTE | |
| Formatted contents note | t. 1. 1534-1854, par G. Frégault et M. Trudel.--t. 2. 1855-1960, par M. Brunet. |
| 651 #0 - SUBJECT ADDED ENTRY--GEOGRAPHIC NAME | |
| Geographic name | Canada |
| General subdivision | History |
| -- | Sources. |
| 9 (RLIN) | 85834 |
| 700 1# - ADDED ENTRY--PERSONAL NAME | |
| Personal name | Frégault, Guy, |
| Relator term | comp. |
| Personal name | Trudel, Marcel, |
| Relator term | comp. |
| 942 ## - ADDED ENTRY ELEMENTS (KOHA) | |
| Source of classification or shelving scheme | Dewey Decimal Classification |
| Koha item type | Books |
| Lost status | Source of classification or shelving scheme | Damaged status | Not for loan | Collection code | Permanent Location | Current Location | Shelving location | Date acquired | Source of acquisition | Total Checkouts | Full call number | Date last seen | Copy number | Koha item type |
|---|---|---|---|---|---|---|---|---|---|---|---|---|---|---|
| Dewey Decimal Classification | Added to bundle | Non-fiction | Central Library, University of Rajshahi | Central Library, University of Rajshahi | Reading Room | 16/07/1968 | Canadian Gov. Gift | 971 BRH V-2 1963 | 29/03/2014 | C-1 | Books |